00474nam a2200145Ia 4500008004100000020001800041041000800059082001500067100003600082245011600118250000600234260004500240300001500285650002800300210716s2006 xx 000 0 und d a9780199260218 aeng a658.4 HATM aHatch, Mary Jo;Cunliffe, Ann L. aOrganization theory: modern symbolic and postmodern perspectives.bModern symbolic and postmodern perspectives. a2 aNew DelhibOxford University Pressc2006 axvxiii,370 aOrganisational Behavior